MARC

LEADER 00000nam^a2200000^a^4500
001 000167054
005 20250521000000.0
009 20260310101113.68
020 |a 968-7947-14-4- 
037 |a Acervo ITESO - Biblioteca 
041 |a ESP 
082 |a 306. 40972238  |b FEL 
100 |a Félix Berumen, Humberto  |e (autor) 
245 1 0 |a Tijuana la horrible :  |b entre la historia y el mito /  |c H. Félix Berumen. 
264 4 |a Tijuana, México :  |b El Colegio de la Frontera Norte :  |b Librería El Día,  |c 2003, c2003 
300 |a 406 p. 
336 |a texto  |b txt  |2 rdacontenido 
337 |a sin mediación  |b n  |2 rdamedio 
338 |a volumen  |b nc  |2 rdasoporte 
440 1 |a (Cultura COLEF) 
649 |a XX 
650 |a Mitología -  |z Tijuana, Baja California (Norte) 
650 |a Identidad Cultural -  |z Tijuana, Baja California (Norte) 
650 |a Identidad Cultural -  |z México 
650 |a Espacio Social -  |z Tijuana, Baja California (Norte) 
650 |a Espacio Social -  |z México 
650 |a Desarrollo Urbano -  |z Tijuana, Baja California (Norte) 
650 |a Desarrollo Urbano -  |z México 
650 |a Prácticas Culturales -  |z Tijuana, Baja California (Norte) 
650 |a Prácticas Culturales -  |z México 
650 |a Sociología de la Cultura -  |z Tijuana, Baja California (Norte) 
650 |a Sociología de la Cultura -  |z México 
650 |a Tijuana, Baja California (Norte) en la Literatura 
650 |a México en la Literatura 
650 |a Tijuana, Baja California (Norte) en el Cine 
650 |a México en el Cine 
650 |a Tijuana, Baja California (Norte) -  |x Historia 
650 |a México -  |x Historia 
650 |a Historia Social 
910 |a Fondo General 
920 |a Impresos - Libros 
930 |a Colección General 
905 |a 101 
901 |a 0500101912  |b IT1  |c ACC  |u 20250521 
902 |a https://opac.biblio.iteso.mx/vufind/Record/000167054